00277cam a2200121ua 4500041001000000082001900010100002200029245002500051250001200076260005000088300001200138504000500150 aengh a828.09bMAS/WI aMasfield, John . aWilliam shakespeare  a1 / b. aMelbourne : bWilliam Heinemann Ltd , c1961. a184 ; . a